000 00599cam a22002053a 4500
001 36567
003 PGUSA
005 20140828083806.0
008 110630s2011||||xxu|||||s|||||000 | eng d
040 _aPGUSA
_beng
042 _adc
100 1 _aIan, Janis,
_d1951-
245 1 0 _aMusic by Janis Ian
_h[electronic resource] /
_cJanis Ian
260 _bProject Gutenberg,
_c2011
506 _aCopyrighted. Read the copyright notice inside this book for details.
516 _aElectronic text
830 0 _aProject Gutenberg
_v36567
856 4 0 _uhttp://www.gutenberg.org/ebooks/36567
942 _cEB
999 _c265822
_d265822